Principles and types of speech communication / (Record no. 21146)
[ view plain ]
| 000 -LEADER | |
|---|---|
| fixed length control field | 01038pam a2200313 i 4500 |
| 001 - CONTROL NUMBER | |
| control field | 21146 |
| 003 - CONTROL NUMBER IDENTIFIER | |
| rucl marc code | BD-RjUL |
| 005 - DATE AND TIME OF LATEST TRANSACTION | |
| control field | 20211209000643.0 |
| 008 - FIXED-LENGTH DATA ELEMENTS--GENERAL INFORMATION | |
| fixed length control field | 140303s1978 ilua b 001 0 eng |
| 020 ## - INTERNATIONAL STANDARD BOOK NUMBER | |
| International Standard Book Number | 0673151182 |
| 035 ## - SYSTEM CONTROL NUMBER | |
| System control number | (BD-RjUL)21210 |
| 040 ## - CATALOGING SOURCE | |
| Original cataloging agency | DLC |
| Transcribing agency | DLC |
| Modifying agency | BD-RjUL |
| Language of cataloging | eng |
| 041 ## - LANGUAGE CODE | |
| Language code of text/sound track or separate title | eng |
| 082 00 - DEWEY DECIMAL CLASSIFICATION NUMBER | |
| Classification number | 808.51 |
| Author mark and year | EHP 1978 |
| 100 1# - MAIN ENTRY--PERSONAL NAME | |
| Personal name | Ehninger, Douglas. |
| 9 (RLIN) | 65352 |
| 245 10 - TITLE STATEMENT | |
| Title | Principles and types of speech communication / |
| Statement of responsibility, etc. | Douglas Ehninger, Alan H. Monroe, Bruce E. Gronbeck. |
| 250 ## - EDITION STATEMENT | |
| Edition statement | 8th ed. |
| 260 ## - PUBLICATION, DISTRIBUTION, ETC. (IMPRINT) | |
| Place of publication, distribution, etc. | Glenview, Ill. : |
| Name of publisher, distributor, etc. | Scott, Foresman, |
| Date of publication, distribution, etc. | c1978. |
| 300 ## - PHYSICAL DESCRIPTION | |
| Pagination | xix, 492 p. : |
| Illustrations | ill. ; |
| Size | 24 cm. |
| 500 ## - GENERAL NOTE | |
| General note | Seventh ed. by A. H. Monroe and D. Ehninger published in 1974. |
| 504 ## - BIBLIOGRAPHY, ETC. NOTE | |
| Bibliography, etc | Includes bibliographies and index. |
| 650 #0 - SUBJECT ADDED ENTRY--TOPICAL TERM | |
| Topical term or geographic name as entry element | Public speaking. |
| 9 (RLIN) | 65353 |
| Topical term or geographic name as entry element | Oral communication. |
| 9 (RLIN) | 65354 |
| 700 1# - ADDED ENTRY--PERSONAL NAME | |
| Personal name | Monroe, Alan Houston, |
| Dates associated with a name | 1903- |
| Relator term | joint author. |
| Personal name | Gronbeck, Bruce E., |
| Relator term | joint author. |
| 942 ## - ADDED ENTRY ELEMENTS (KOHA) | |
| Source of classification or shelving scheme | Dewey Decimal Classification |
| Koha item type | Books |
| Lost status | Source of classification or shelving scheme | Damaged status | Not for loan | Collection code | Permanent Location | Current Location | Shelving location | Date acquired | Source of acquisition | Total Checkouts | Full call number | Date last seen | Copy number | Koha item type |
|---|---|---|---|---|---|---|---|---|---|---|---|---|---|---|
| Dewey Decimal Classification | Added to bundle | Non-fiction | Central Library, University of Rajshahi | Central Library, University of Rajshahi | Reading Room | 24/10/1992 | Asia Foundation | 808.51 EHP 1978 | 03/03/2014 | C-1 | Books | |||
| Dewey Decimal Classification | Non-fiction | Central Library, University of Rajshahi | Central Library, University of Rajshahi | 24/10/1992 | The Asia Foundation | 808.51 EHP 1978 | 04/10/2016 | C-2 | Books |